000 00786nab a2200193 4500
001 244442
003 OSt
005 20240117122455.0
007 tu
008 200917s2020|||||||
040 _aDE-2950
_cDE-2950
245 0 0 _aJahrzehntelang das beste Haus am Platz
_bStadtgeschichte. Das Cafe Kyritz zählte vor 100 Jahren zu den legendären Konditoreien in Frankfurt (Oder). Es gehörte sich für Einheimische und Besucher, das Café besucht zu haben. Der Betrieb endete spätestens im Februar 1945 - mit dem Einschlag einer Granate/
_cRalf-Rüdiger Targiel
264 _c2023
653 _aFrankfurt (Oder)
653 _aStadtgeschichte
653 _aCafé Kyritz
773 0 _g34. Jahrgang (2023) Nr. 174 vom 28.07.2023, S. 16, mit Foto
_tMärkische Oderzeitung
942 _2z
_cA
999 _c372936
_d372936